| 000 | 01235nam a22003857a 4500 | ||
|---|---|---|---|
| 001 | 000106902 | ||
| 003 | CHAP | ||
| 005 | 20220329143906.0 | ||
| 008 | 120615s2011 mx a r 00010 spa d | ||
| 010 | _a103364 | ||
| 011 | _a104336 | ||
| 020 | _a9786071202390 | ||
| 035 | _a115026 | ||
| 040 | _cCHAP | ||
| 082 | 0 | 4 |
_a635.642 _bP92 |
| 100 | 0 | 0 |
_aPérez Grajales, Mario. _989711 |
| 245 | 1 | 0 |
_aJitomate en invernadero / _c/por Mario Pérez Grajales y Rogelio Castro Brindis. |
| 260 |
_aChapingo, Méx. : _bUACH, _c2011. |
||
| 300 |
_a133 p. : _bilus. |
||
| 590 |
_aBATCH-UPD _b10 _c20130110 _lUCH01 _h1119 |
||
| 590 |
_aBATCH-UPD _b10 _c20130410 _lUCH01 _h0709 |
||
| 590 |
_aBATCH-UPD _b10 _c20130914 _lUCH01 _h0859 |
||
| 590 |
_aCONVERSION _b10 _c20130109 _lUCH01 _h1357 |
||
| 590 |
_aE11695DGD _b10 _c20190905 _lUCH01 _h1057 |
||
| 650 | 1 | 4 |
_aCultivos en invernadero _xEnfermedades. _930378 |
| 650 | 1 | 4 |
_aTemperatura baja. _9112233 |
| 650 | 1 | 4 |
_aTomate _xPlagas. _9113748 |
| 650 | 1 | 4 |
_aTomate _xPlántulas. _9113749 |
| 650 | 1 | 4 |
_aTomate _xRendimiento. _9113761 |
| 700 | 0 |
_aCastro Brindis, Rogelio. _920333 |
|
| 901 | _aBK | ||
| 942 | _cLIBRO | ||
| 942 | _n0 | ||
| 949 |
_a635.642 P92 _bBC _cUACH _d33724002343520 _eUACH _h116869 _i115026 _sb |
||
| 999 |
_c103364 _d103364 |
||